Vocabulaire d'ancien français (notice n° 1567135)

détails MARC
000 -LEADER
fixed length control field 01474cam a2200145 4500500
005 - DATE AND TIME OF LATEST TRANSACTION
control field 20251214002554.0
041 ## - LANGUAGE CODE
Language code of text/sound track or separate title fre
042 ## - AUTHENTICATION CODE
Authentication code dc
100 10 - MAIN ENTRY--PERSONAL NAME
Personal name Bertrand, Olivier
Relator term author
245 00 - TITLE STATEMENT
Title Vocabulaire d'ancien français
260 ## - PUBLICATION, DISTRIBUTION, ETC.
Name of publisher, distributor, etc. Armand Colin,<br/>
Date of publication, distribution, etc. 2021.<br/>
520 ## - SUMMARY, ETC.
Summary, etc. L’épreuve écrite d’ancien français n’est pas le moindre des obstacles qu’ont à franchir les candidats au CAPES de lettres modernes et aux agrégations de lettres modernes et de grammaire. Afin de préparer efficacement la partie lexicale de cette épreuve, le candidat trouvera dans cet ouvrage tous les éléments, réunis en quelque 400 fiches de vocabulaire. Traitant un par un les termes les plus usuels de la littérature médiévale – et les plus susceptibles de faire l’objet d’une question aux concours –, ces fiches sont structurées suivant le modèle attendu par les jurys (étymologie, sens en ancien français, paradigmes morphologique et sémantique, évolution ultérieure). Clair et pratique, cet ouvrage a le grand avantage de permettre de construire sa compétence par un travail régulier, pas à pas et fiche par fiche. Et le jeu des renvois internes est une aide décisive pour bien circonscrire les champs notionnels et sémantiques de l’univers littéraire du Moyen Âge français.
700 10 - ADDED ENTRY--PERSONAL NAME
Personal name Menegaldo, Silvère
Relator term author
856 41 - ELECTRONIC LOCATION AND ACCESS
Uniform Resource Identifier <a href="https://shs.cairn.info/vocabulaire-d-ancien-francais--9782200626525?lang=fr&redirect-ssocas=7080">https://shs.cairn.info/vocabulaire-d-ancien-francais--9782200626525?lang=fr&redirect-ssocas=7080</a>

Pas d'exemplaire disponible.

PLUDOC

PLUDOC est la plateforme unique et centralisée de gestion des bibliothèques physiques et numériques de Guinée administré par le CEDUST. Elle est la plus grande base de données de ressources documentaires pour les Étudiants, Enseignants chercheurs et Chercheurs de Guinée.

Adresse

627 919 101/664 919 101

25 boulevard du commerce
Kaloum, Conakry, Guinée

Réseaux sociaux

Powered by Netsen Group @ 2025